000 00633cam a22002293a 4500
001 8427
003 PGUSA
005 20140828083156.0
008 050701s2005||||xxu|||||s|||||000 | eng d
040 _aPGUSA
_beng
042 _adc
050 4 _aBV
100 1 _aAllen, Edith H.
_q(Edith Hedden),
_d1869-
245 1 0 _aHome Missions in Action
_h[electronic resource] /
_cEdith H. Allen
260 _bProject Gutenberg,
_c2005
506 _aPublic domain in the USA.
516 _aElectronic text
653 _aHome missions
830 0 _aProject Gutenberg
_v8427
856 4 0 _uhttp://www.gutenberg.org/ebooks/8427
942 _cEB
999 _c237727
_d237727